The Warfare State/ (Record no. 13158)
[ view plain ]
| 000 -LEADER | |
|---|---|
| fixed length control field | 00833cam a22002531 4500 |
| 001 - CONTROL NUMBER | |
| control field | 10312616 |
| 005 - DATE AND TIME OF LATEST TRANSACTION | |
| control field | 20050628092523.0 |
| 008 - FIXED-LENGTH DATA ELEMENTS--GENERAL INFORMATION | |
| fixed length control field | 721130s1962 nyu | b 001 0 eng d |
| 010 ## - LIBRARY OF CONGRESS CONTROL NUMBER | |
| LC control number | 62019422 |
| 035 ## - SYSTEM CONTROL NUMBER | |
| System control number | (OCoLC)504428 |
| 040 ## - CATALOGING SOURCE | |
| Original cataloging agency | DLC |
| Transcribing agency | OYesA |
| Modifying agency | OCoLC |
| -- | DLC |
| 042 ## - AUTHENTICATION CODE | |
| Authentication code | premarc |
| 050 00 - LIBRARY OF CONGRESS CALL NUMBER | |
| Classification number | UA23 |
| Item number | .C673 |
| 082 ## - DEWEY DECIMAL CLASSIFICATION NUMBER | |
| Classification number | 355.02130973 |
| Item number | COO |
| Edition number | 22 |
| 100 1# - MAIN ENTRY--PERSONAL NAME | |
| Personal name | Cook, Fred J. |
| 9 (RLIN) | 10457 |
| 245 14 - TITLE STATEMENT | |
| Title | The Warfare State/ |
| Statement of responsibility, etc | Fred J. Cook |
| 260 ## - PUBLICATION, DISTRIBUTION, ETC. (IMPRINT) | |
| Place of publication, distribution, etc | New York: |
| Name of publisher, distributor, etc | Macmillan, 1962 |
| Date of publication, distribution, etc | 1962 |
| 300 ## - PHYSICAL DESCRIPTION | |
| Extent | 376 p.; |
| Dimensions | 22 cm. |
| 500 ## - GENERAL NOTE | |
| General note | Donated by: Alaa Abdel Ghany |
| 500 ## - GENERAL NOTE | |
| General note | Includes index |
| 650 #0 - SUBJECT ADDED ENTRY--TOPICAL TERM | |
| Topical term or geographic name as entry element | Militarism |
| Geographic subdivision | United States. |
| 9 (RLIN) | 10458 |
| 942 ## - ADDED ENTRY ELEMENTS (KOHA) | |
| Source of classification or shelving scheme | Dewey Decimal Classification |
| Item type | Book - Borrowing |
| Withdrawn status | Item status | Source of classification or shelving scheme | Damaged status | Not for loan | Vendor | Home library | Current library | Shelving location | Date acquired | Source of acquisition | Total Checkouts | Full call number | Barcode | Date last seen | Koha item type |
|---|---|---|---|---|---|---|---|---|---|---|---|---|---|---|---|
| Dewey Decimal Classification | Central Library | Central Library | First floor | 18/01/2010 | Donation | 355.02130973 COO | 000019632 | 15/07/2025 | Book - Borrowing |